00409nam a22001457a 450000500170000000800410001702200130005804100230007108200120009410000220010624500310012826000470015930000320020665000250023820250318082551.0250318b |||||||| |||| 00| 0 eng d a00382396 aEnglish/Afrikaans  a349 SOU lEnglish/Afrikaans aSouth African Law Reports  aCape Town: bJuta and Company Ltd, c2025  bxliii, 671 pages; c26 cm.  aLegal practice bLaw